| 000 | 00000nas 2200000za 4500 |
| 001 | 9.503998 |
| 003 | CaOODSP |
| 005 | 20221107133336 |
| 007 | cr ||||||||||| |
| 008 | 150406d20092009oncar p o||||f| |0fre|d |
| 040 | |aCaOODSP|bfre |
| 043 | |an-cn--- |
| 086 | 1 |aIu20-4F-PDF |
| 110 | 1 |aCanada. |bBureau de la consommation. |
| 245 | 10|aPlan de travail |h[ressource électronique] / |cBureau de la consommation. |
| 260 | |aOttawa : |bIndustrie Canada |
| 310 | |aAnnuel |
| 362 | 0 |a2007/2009. |
| 500 | |aPublié aussi en anglais sous le titre : Work plan. |
| 775 | 08|tWork plan |w(CaOODSP)9.507614 |
| 780 | 00|tPlan d'activités du Bureau de la consommation |w(CaOODSP)9.503997 |